000 00608nam a22002297a 4500
003 UA-OsUOA
001 51883
007 ta
008 20080123b un ||||| |||| 00| 0 ukr d
100 _aБевк Ф.
090 _a821.161.2
_bБ36
942 _cBK
040 _aUA-OsUOA
_bukr
_cUA-OsUOA
_dUA-OsUOA
245 _aВажкий крок
_bПовісті та оповідання
300 _a357 с.
955 _a3
041 _aukr
080 _a821.161.2
260 _aК.
_bДніпро
_c1987
650 7 _a82 Література. Літературознавство
_2UDC
999 _c337963
_d337963